000 00545nam a2200169 i 4500
001 55781
003 ES-MaACL
005 20230906163222.0
007 t|
008 030926s1936 xxk ||||1| eng d
100 1 _aDexter, Walter.
_944053
245 1 4 _aThe origin of Pickwick
_b: new facts, now first published in the year of the centenary /
_cby Walter Dexter and J.W.T. ley.
260 _aLondon :
_bChapman and Hall Ltd,
_c[1936]
300 _a158 p. ;
_c19 cm.
700 1 _aLey, James William Thomas.
_972089
852 _aES-MaACL
_jA-4359
999 _c55781
_d55781